000 00744nam a2200217 i 4500
001 bg
100 1 _aSIESICKI, Wojciech
245 1 0 _aTelemetria :
_bjak czytać, rozumieć i interpretować wyniki badań widowni telewizyjnej /
_cWojciech Siesicki.
260 _aWarszawa :
_bTVP Ośrodek Szkolenia - Akademia Telewizyjna,
_c2000.
300 _a61 s. :
_brys. ;
_c20 cm.
650 9 _aProgramy telewizyjne
_xsocjologia
_xbadanie
_zPolska
_yod 1989 r.
650 9 _aTelewizja
_xsocjologia
_zPolska
_yod 1989 r.
650 9 _aTelemetria
020 _a8388302027
040 _cBPK
041 0 _apl
080 _a303.4/.8:659.3:7.097:316.7](438)"1989/..."
920 _a83-88302-02-7
942 _cKS
008 s pl f |000 0 pol
999 _c41133
_d41133
856 _uhttp://koha.tu.koszalin.pl/cgi-bin/koha/opac-detail.pl?biblionumber=41133
_yKatalog online BPK